| 000 -LEADER |
| fixed length control field |
00331nam a22000977a 4500 |
| 082 ## - DEWEY DECIMAL CLASSIFICATION NUMBER |
| Classification number |
TNC K M983 |
| 100 ## - MAIN ENTRY--PERSONAL NAME |
| Personal name |
Muthayya,B.C. and i. Gananakannan |
| 9 (RLIN) |
20272 |
| 245 ## - TITLE STATEMENT |
| Title |
Developmental personnel |
| Remainder of title |
A psycho-social study across three states in India |
| Statement of responsibility, etc |
By B.C. Muthayya and I. Gananakannan |
| 260 ## - PUBLICATION, DISTRIBUTION, ETC. (IMPRINT) |
| Place of publication, distribution, etc |
Hyderabad |
| Name of publisher, distributor, etc |
NICD |
| Date of publication, distribution, etc |
1973 |
| 300 ## - PHYSICAL DESCRIPTION |
| Extent |
185P. |